XP70 Plural-Component Sprayer. 09/2010

Uložené v:
Podrobná bibliografia
Médium: Kniha
Jazyk:Slovak
English
Vydané: 2010.
Vydanie:1. vyd.
Témy:
On-line prístup:http://www.graco.be
Fyzický popis: 7 s.
Tagy: Pridať tag
Žiadne tagy, Buďte prvý kto otaguje tento záznam!

MARC

LEADER 00000nam#a22000003a#4500
001 000442021
003 SVKKK
005 20131029091603.0
008 090525s2010 xo |||| 0 slo#d
040 |a SVK  |b slo  |c SVK  |e AACR2 
041 0 # |a eng 
044 |a be  |c BE 
080 |a 667.661.2  |2 2001 
110 2 |a GRACO N. V.  |c Industrieterrein Oude Bunders, Slakweidestraat 31, B-3630 Maasmechelen, Belgicko  |4 mfr 
245 1 0 |a XP70 Plural-Component Sprayer.  |n 09/2010 
250 |a 1. vyd. 
260 # |c 2010. 
300 |a 7 s. 
655 7 |a firemné prospekty  |2 SNKPH 
856 4 1 |u http://www.graco.be 
910 |a svkkk 
998 |a FL 
090 |g SCKHL  |k SK42  |a 667.661.2  |j 227411  |i 442021-10  |4 zastaraná  |s Vyradená